<?xml version="1.0" encoding="UTF-8"?>
<record
    xmlns:xsi="http://www.w3.org/2001/XMLSchema-instance"
    xsi:schemaLocation="http://www.loc.gov/MARC21/slim http://www.loc.gov/standards/marcxml/schema/MARC21slim.xsd"
    xmlns="http://www.loc.gov/MARC21/slim">

  <leader>01289    a2200229   4500</leader>
  <controlfield tag="001">59420</controlfield>
  <controlfield tag="005">20260407155848.0</controlfield>
  <controlfield tag="008">260407a1965    arg                 spa d</controlfield>
  <controlfield tag="003">AR-UNSa-BCEJYS</controlfield>
  <datafield tag="040" ind1=" " ind2=" ">
    <subfield code="a">AR-UNSa-BCEJYS</subfield>
    <subfield code="b">spa</subfield>
    <subfield code="c">AR-UNSa-BCEJYS</subfield>
  </datafield>
  <datafield tag="080" ind1=" " ind2=" ">
    <subfield code="a">338.1(728)</subfield>
    <subfield code="x">Situaci&#xF3;n econ&#xF3;mica. Ciclos. Desarrollo de la estructura econ&#xF3;mica en los Estados de Am&#xE9;rica Central</subfield>
  </datafield>
  <datafield tag="245" ind1="1" ind2="0">
    <subfield code="a">Hacia la integraci&#xF3;n acelerada de Am&#xE9;rica Latina</subfield>
  </datafield>
  <datafield tag="264" ind1=" " ind2="1">
    <subfield code="a">M&#xE9;xico :</subfield>
    <subfield code="b">Fondo de Cultura Econ&#xF3;mica</subfield>
    <subfield code="c">1965</subfield>
  </datafield>
  <datafield tag="300" ind1=" " ind2=" ">
    <subfield code="a">195 p.</subfield>
    <subfield code="c">21 cm.</subfield>
  </datafield>
  <datafield tag="505" ind1=" " ind2=" ">
    <subfield code="a">1. La integraci&#xF3;n econ&#xF3;mica y el desarrollo de Am&#xE9;rica Latina - 2. Progresos y limitaciones de los movimientos latinoamericanos de integraci&#xF3;n - 3. El conjunto de los nuevos compromisos - 4. La pol&#xED;tica comercial - 5. El tratamiento especial de los productos agropecuarios  - 6. Pol&#xED;tica regional de inversiones - 7. Los acuerdos sobre ramas industriales - 8. Los transportes y la integraci&#xF3;n econ&#xF3;mica regional - 9. La pol&#xED;tica monetaria y financiera - 10. La estructura institucional - 11. La ALALC y los nuevos compromisos</subfield>
  </datafield>
  <datafield tag="942" ind1=" " ind2=" ">
    <subfield code="c">BK</subfield>
  </datafield>
  <datafield tag="590" ind1=" " ind2=" ">
    <subfield code="a">niveau_biblio:m niveau_hierar:0</subfield>
  </datafield>
  <datafield tag="100" ind1="1" ind2=" ">
    <subfield code="a">Mayobre, Jos&#xE9; Antonio</subfield>
  </datafield>
  <datafield tag="700" ind1="1" ind2=" ">
    <subfield code="a">Herrera, Felipe</subfield>
  </datafield>
  <datafield tag="700" ind1="1" ind2=" ">
    <subfield code="a">Sanz de Santa Maria, Carlos</subfield>
  </datafield>
  <datafield tag="700" ind1="1" ind2=" ">
    <subfield code="a">Prebisch, Ra&#xFA;l</subfield>
  </datafield>
  <datafield tag="999" ind1=" " ind2=" ">
    <subfield code="c">6675</subfield>
    <subfield code="d">6675</subfield>
  </datafield>
  <datafield tag="952" ind1=" " ind2=" ">
    <subfield code="0">0</subfield>
    <subfield code="1">0</subfield>
    <subfield code="4">0</subfield>
    <subfield code="7">0</subfield>
    <subfield code="a">BCEJYS</subfield>
    <subfield code="b">BCEJYS</subfield>
    <subfield code="c">16</subfield>
    <subfield code="d">2026-04-07</subfield>
    <subfield code="l">0</subfield>
    <subfield code="o">338.1(728) M473</subfield>
    <subfield code="p">L23891</subfield>
    <subfield code="r">2026-04-07 15:58:48</subfield>
    <subfield code="w">2026-04-07</subfield>
    <subfield code="y">L</subfield>
  </datafield>
</record>
